000 00248nam a2200109Ia 4500
008 200302s9999 xx 000 0 und d
100 _aLee Yun-Jung
245 _aDetail Annual 4
260 _bArchiworld Co. Ltd.
260 _c2006
300 _a263 P.,
999 _c3096
_d3096